000 00340nam a2200133 i 4500
001 bg
100 1 _aKADŁUCZKO, Andrzej
245 0 _aProblemy integracji architektury współczesnej... /
_cAndrzej Kadłuczko.
260 _aKraków,
_c1982.
040 _cBPK
041 _apol
942 _cKS
008 s pl f |000 0 pol
999 _c20924
_d20924
856 _uhttp://koha.tu.koszalin.pl/cgi-bin/koha/opac-detail.pl?biblionumber=20924
_yKatalog online BPK